El verano de los animales

שמור ב:
מידע ביבליוגרפי
מחבר ראשי: Fiedler, Christamaria (Author)
פורמט: ספר
שפה:ספרדית
יצא לאור: Madrid Alfaguara 1994
מהדורה:1a. ed
סדרה:Colección Infantil
נושאים:
תגים: הוספת תג
אין תגיות, היה/י הראשונ/ה לתייג את הרשומה!

MARC

LEADER 00000nam a2200000 a 4500
001 UCH8233
003 CL-VaPUC
008 091127e19940000SP |||||||||||||||||spa|d
020 |a 8420448192 
082 0 4 |a 833  |b FIE  |2 21 
100 0 |a Fiedler, Christamaria  |e author  |9 544696 
245 1 3 |a El verano de los animales 
250 |a 1a. ed 
300 |a 155 p 
942 |c BK 
945 |d 20091127 00:00:00  |a lazolas 
260 |a Madrid  |b Alfaguara  |c 1994 
500 |a Destinado a niños desde 10 años 
650 7 |a LITERATURA INFANTIL ALEMANA  |2 CL-VaPUC  |9 462414 
583 |a last modification  |c 20091127 00:00:00  |k Rodrigo Vera 
490 0 |a Colección Infantil 
999 |c 338465  |d 338463